1177 1228 1630 1613 1478 1138 1850 1933 1606 1230 1043 1139 1448 1489 1318 1614 1581 1720 1319 1420 1200 1063 1429 1175 1835 1113 1404 1538 1852 1373 1975 1664 1829 1767 1716 1946 1745 1967 1006 1208 1548 1719 1576 1804 1283 1597 1162 1813 1645 1139 1765 1277 1094 1684 1385 1943 1215 1884 1918 1218 1864 1457 1075 1017 1849 1080 1242 1123 1601 1438 1701 1918 1041 1707 1489 1159 1740 1378 1886 1536 1553 1347 1975 1131 1279 1560 1950 1896 1279 1950 1528 1120 1724 1083 1896 1344 1236 1242 1162 BCNSPRNW ULIB Ver.6.0+V

เปลี่ยนเป็นภาษาไทย

Change to English
 แสดงรายละเอียดบรรณานุกรม
  กลับหน้าหลัก

Brief Record : Get Marc (ISO 2709) : E-mail record : QR code < ปิดหน้าต่าง
LEADER : 00000nam 2200000uu 4500
001    13399128021
003     ULIB
008    211223s2559||||th 000 0 tha d
060    วจ.^aWY160^bว132พ
100    ^aวงศ์สิริ แจ่มฟ้า และคณะ
245    ^aพลังสุขภาพจิตของผู้ป่วยมะเร็งที่ได้รับการรักษาในโรงพยาบาลมะเร็งลพบุรี(Resilience in Cancer Patients at Lopburi Cancer Hospital.
260    ^aนครสวรรค์ :^bวิทยาลัยพยาบาลบรมราชชนนี สวรรค์ประชารักษ์ นครสวรรค์.,^c2559
300    ^a52 หน้า;^b30 ซม.
650    ^aสุขภาพจิต
650    ^aมะเร็ง^xผู้ป่วย
700    ^aสุดกัญญา ปานเจริญ
700    ^aศิริรัตน์ จำปีเรือง
710    ^aวิทยาลัยพยาบาลบรมราชชนนี สวรรค์ประชารักษ์ นครสวรรค์ สถาบันพระบรมราชชนก กระทรวงสาธารณสุข
945    ^p0^l0^i008618
999    ^aประนอม เกษจรัล
รายการนี้ยังไม่มีแท็ก
คุณยังไม่ได้ล็อกอิน คุณสามารถมีกิจกรรมร่วมกับเว็บไซต์ได้ แต่ต้องล็อกอินก่อน ::
  ล็อกอิน

รายการสื่อสารสนเทศ

ลำดับที่ ประเภท เลขเรียก/บาร์โค้ด สถานที่ สถานะ
1. Book การพยาบาล
หนังสือสำรอง
สถานะ=หนังสือสำรอง
วจ. WY160 ว132พ ฉ.1 
  Barcode: 008618
ห้องสมุดวิทยาเขตสวรรค์ประชารักษ์
►หนังสือทั่วไป
บนชั้น

รายการใกล้เคียง
    หัวเรื่อง [สุขภาพจิต]
    หัวเรื่อง [มะเร็ง ผู้ป่วย]

BibComment


ยังไม่เคยถูกคอมเมนท์

คอมเมนท์ทรัพยากรรายการนี้
  คอมเมนท์: พลังสุขภาพจิตของ..


 Copyright 2026. Bcnsprnw @Library